[Event "Mar del Plata op"]
[Site "Mar del Plata"]
[Date "1996.??.??"]
[Round "8"]
[White "Baeos, Oscar"]
[Black "Bianchi, Albino"]
[Result "0-1"]
[WhiteElo "2370"]
[BlackElo "2225"]

1.Nf3 Nf6 2.d4 g6 3.c4 Bg7 4.Nc3 O-O 5.e4 d6 6.Be2 e5 7.O-O Nc6 8.d5 Ne7
9.Nd2 Nd7 10.a3 Bh6 11.b4 f5 12.Qc2 Nf6 13.Bd3 Nh5 14.g3 c6 15.c5 Bxd2 16.Qxd2 f4
17.cxd6 Qxd6 18.Bc4 Kh8 19.Bb2 Bh3 20.Rfd1 Rad8 21.Ne2 g5 22.f3 cxd5 23.exd5 Qb6+
24.Nd4 Nf6 25.Qf2 exd4 26.Bxd4 Qd6 27.Re1 fxg3 28.hxg3 Nf5 29.Re6 Qxe6 30.dxe6 Rxd4
31.e7 Re8 32.Be6 Rd6 33.Bxf5 Bxf5 34.Re1 Bg6 35.Qc5 Rd5 36.Qc3 Kg7 37.Re6 Rf5
38.f4 Kf7 39.Re1 Nd5 40.Qc4 gxf4 41.Rd1 Ke6 42.Qe4+ Re5 43.Qd4 fxg3 44.Qxa7 Rxe7
45.Qb8 Kf7 46.Rf1+ Bf5 47.Qh8 Nf6 48.Kg2 Re8  0-1

[Event "Mar del Plata op"]
[Site "Mar del Plata"]
[Date "1996.??.??"]
[Round "9"]
[White "Hoffman, Alejandro"]
[Black "Leitao, Rafael"]
[Result "1-0"]
[WhiteElo "2410"]
[BlackElo "2445"]

1.d4 Nf6 2.c4 g6 3.Nc3 Bg7 4.e4 d6 5.Nf3 O-O 6.Be2 e5 7.O-O Nc6 8.d5 Ne7
9.Ne1 Ne8 10.Nd3 f5 11.Bd2 Nf6 12.f3 f4 13.c5 g5 14.cxd6 cxd6 15.Nf2 Ng6
16.Qc2 h5 17.h3 Rf7 18.Rfc1 Bf8 19.a4 Ne8 20.Ra3 Nh4 21.Qd1 Nf6 22.Na2 Rg7
23.a5 a6 24.Nc3 g4 25.fxg4 hxg4 26.hxg4 Nxg2 27.Na4 Ne3 28.Bxe3 Nxg4 29.Bxg4 Bxg4
30.Nxg4 Qh4 31.Rc2 Rxg4+ 32.Qxg4+ Qxg4+ 33.Rg2 Qxg2+ 34.Kxg2 fxe3 35.Nb6 Re8
36.Rxe3 Re7 37.Rc3 Rf7 38.Rg3+ Rg7 39.Nc8 Kf7 40.Rxg7+ Kxg7 41.Kg3 Kf7 42.Kg4 Kg6
43.b3 Kf6 44.Kh5 Kf7 45.Kg5 Ke8 46.Kf6 Kd8 47.Kf7  1-0

[Event "SVK-ch"]
[Site "Martin"]
[Date "1996.??.??"]
[Round "8"]
[White "Grabliauskas, Virginijus"]
[Black "Tibensky, Robert"]
[Result "1/2-1/2"]
[WhiteElo "2405"]
[BlackElo "2425"]

1.d4 Nf6 2.c4 g6 3.Nc3 Bg7 4.e4 d6 5.Nf3 O-O 6.Be2 e5 7.O-O Nc6 8.d5 Ne7
9.Ne1 Nd7 10.Be3 f5 11.f3 f4 12.Bf2 g5 13.a4 Nf6 14.c5 Rf7 15.cxd6 cxd6 16.a5  1/2-1/2

[Event "Wch U20"]
[Site "Medellin"]
[Date "1996.??.??"]
[Round "1"]
[White "Shariyazdanov, Andrey"]
[Black "Jorquera, Marcelo"]
[Result "1-0"]
[WhiteElo "2470"]
[BlackElo "2015"]

1.d4 Nf6 2.c4 g6 3.Nc3 Bg7 4.e4 d6 5.Be2 O-O 6.Nf3 e5 7.O-O Nc6 8.d5 Ne7
9.b4 Nh5 10.Re1 Nf4 11.Bf1 f5 12.Bxf4 fxe4 13.Bxe5 exf3 14.Bxg7 Kxg7 15.g3 Nf5
16.Ne4 Kg8 17.Rc1 a5 18.b5 b6 19.Rc3 Nh6 20.Rxf3 Bf5 21.h3 Nf7 22.Rfe3 Ne5
23.f4 Nd7 24.Ng5 Nf6 25.Qd4 h6 26.Ne6 Bxe6 27.Rxe6 Rf7 28.Bd3 Kh8 29.Bxg6 Qg8
30.Rxf6 Qg7 31.Ree6 Raf8 32.Bxf7 Qxg3+ 33.Kf1 Qxh3+ 34.Ke2 Qg4+ 35.Kd2  1-0

[Event "Wch U20"]
[Site "Medellin"]
[Date "1996.??.??"]
[Round "3"]
[White "Pereyra Arcija, Diego"]
[Black "Manhardt, Thomas"]
[Result "1/2-1/2"]
[WhiteElo "2420"]
[BlackElo "2135"]

1.d4 Nf6 2.Nf3 g6 3.c4 Bg7 4.Nc3 O-O 5.e4 d6 6.Be2 e5 7.O-O Nc6 8.d5 Ne7
9.b4 a5 10.Ba3 Ne8 11.c5 f5 12.Nd2 axb4 13.Bxb4 dxc5 14.Bxc5 b6 15.Bb4 Nd6
16.Nc4 fxe4 17.Nxd6 cxd6 18.Nxe4 Rf4 19.f3 Nf5 20.Bd2 Bd7 21.g3 Ba4 22.Qe1 Rxe4
23.fxe4 Nd4 24.Rc1 Qd7 25.Bd3 Qg4 26.Qe3 Bd7 27.Rc7 Rf8 28.Rxf8+ Bxf8 29.Kg2 Qh3+
30.Kh1 Qg4 31.Rc1 Bh6 32.Qf2 Bxd2 33.Qxd2 Qf3+ 34.Kg1 Qh5 35.Qf2 Nf3+ 36.Kh1 Nxh2
37.Qxh2 Qf3+ 38.Qg2 Qxd3 39.Rf1 Bg4 40.Kg1 Be2 41.Rf2 Bg4 42.Kh2 Qe3 43.Qf1 Qh6+
44.Kg1 Qe3 45.Qg2 Kg7  1/2-1/2

[Event "Melbourne Masters"]
[Site "Melbourne"]
[Date "1996.??.??"]
[Round "1"]
[White "Khoze, Eduard"]
[Black "Chapman, Mark"]
[Result "1-0"]
[WhiteElo "2160"]
[BlackElo "2360"]

1.d4 Nf6 2.Nf3 g6 3.c4 Bg7 4.Nc3 O-O 5.e4 d6 6.Be2 e5 7.O-O Nc6 8.d5 Ne7
9.Ne1 Nd7 10.Nd3 f5 11.f3 f4 12.Bd2 g5 13.b4 Nf6 14.c5 Rf7 15.Rc1 Bf8 16.Nf2 Ng6
17.cxd6 Bxd6 18.Nb5 Rg7 19.Nxd6 cxd6 20.Rc3 h5 21.h3 Nh4 22.Be1 g4 23.fxg4 hxg4
24.hxg4 Nh5 25.Nh3 Ng3 26.Bxg3 fxg3 27.Rxg3 Qb6+ 28.Kh2 Qxb4 29.Bd3 Bd7 30.Rf6 Rc8
31.g5 Ng6 32.Qh5 Nf4 33.Nxf4 exf4 34.Rh3 Bxh3 35.Rh6 Kf8 36.Qxh3 Qc3 37.Qe6 Rxg5
38.Rf6+ Kg7 39.Qe7+ Kg8 40.Qf7+  1-0

[Event "Wch U18"]
[Site "Menorca"]
[Date "1996.??.??"]
[Round "1"]
[White "Johansen, Terje"]
[Black "Gallardo, Eduardo"]
[Result "0-1"]
[WhiteElo "2375"]
[BlackElo "2105"]

1.d4 Nf6 2.c4 g6 3.Nc3 Bg7 4.e4 d6 5.Nf3 O-O 6.Be2 e5 7.O-O Nc6 8.d5 Ne7
9.Ne1 Nd7 10.Be3 f5 11.f3 f4 12.Bf2 g5 13.a4 h5 14.a5 Ng6 15.Nb5 Nf6 16.Nxa7 Bd7
17.c5 g4 18.cxd6 g3 19.Bc5 cxd6 20.Bb6 gxh2+ 21.Kh1 Qe8 22.Qb3 h4 23.Bb5 Qb8
24.Qa4 Rf7 25.Bxd7 Nxd7 26.Nd3 Rxa7 27.Bxa7 Qxa7 28.b4 Nf6 29.Kxh2 h3 30.gxh3 Nh4
31.Qd1 Qe3 32.Rc1 Bf8 33.Rc2 Rg7 34.b5 Rg3 35.Ne1 Qa7 36.Ra2 b6 37.a6 Qd7
38.Ng2 Qxh3+ 39.Kg1 Rxg2+  0-1

[Event "Wch U18"]
[Site "Menorca"]
[Date "1996.??.??"]
[Round "1"]
[White "Kelly, Bryan"]
[Black "Vismara, Daniele"]
[Result "1-0"]
[WhiteElo "2395"]
[BlackElo "2155"]

1.c4 Nf6 2.Nc3 g6 3.e4 d6 4.d4 Bg7 5.Nf3 O-O 6.Be2 e5 7.O-O Nc6 8.d5 Ne7
9.Ne1 Ne8 10.Be3 f5 11.f3 f4 12.Bf2 g5 13.c5 h5 14.a4 Ng6 15.Kh1 Bh6 16.a5 Nf6
17.cxd6 cxd6 18.Nb5 a6 19.Bb6 Qe7 20.Nc7 Rb8 21.Ba7 Bd7 22.Bxb8 Rxb8 23.Rc1 g4
24.Ne6 g3 25.Nd3 Nf8 26.Re1 N6h7 27.h3 Qh4 28.Nb4 Nxe6 29.dxe6 Ng5 30.Bf1 Bxe6
31.Qxd6 Re8 32.Nd5 Bf8 33.Qxe5 Nxf3 34.gxf3 Bxh3 35.Qxh5 g2+ 36.Bxg2 Bxg2+
37.Kxg2 Qg3+ 38.Kh1 Re6 39.Rg1 Rh6 40.Rxg3+  1-0

[Event "Wch U18"]
[Site "Menorca"]
[Date "1996.??.??"]
[Round "6"]
[White "Kelly, Bryan"]
[Black "Krakops, Maris"]
[Result "1-0"]
[WhiteElo "2395"]
[BlackElo "2440"]

1.Nf3 Nf6 2.c4 g6 3.Nc3 Bg7 4.e4 d6 5.d4 O-O 6.Be2 e5 7.O-O Nc6 8.d5 Ne7
9.Ne1 Nd7 10.Be3 f5 11.f3 f4 12.Bf2 g5 13.a4 a5 14.Nd3 b6 15.g4 fxg3 16.hxg3 Ng6
17.Kg2 h5 18.Rh1 h4 19.Qd2 hxg3 20.Kxg3 Qe7 21.Rag1 Nf4 22.Be3 Nf6 23.Bxf4 exf4+
24.Kf2 Nd7 25.Nb5 Nc5 26.Nxc5 bxc5 27.Rh5 Bf6 28.Qxf4 Bd4+ 29.Nxd4 Rxf4 30.Rgxg5+ Kf8
31.Rh8+ Kf7 32.Rh7+ Kf8 33.Rxe7 Kxe7 34.Nb5 Bd7 35.Nxc7 Rh8 36.Nb5  1-0

[Event "Wch U18"]
[Site "Menorca"]
[Date "1996.??.??"]
[Round "8"]
[White "Kelly, Bryan"]
[Black "Vescovi, Giovanni"]
[Result "0-1"]
[WhiteElo "2395"]
[BlackElo "2490"]

1.Nf3 Nf6 2.c4 g6 3.Nc3 Bg7 4.e4 d6 5.d4 O-O 6.Be2 e5 7.O-O Nc6 8.d5 Ne7
9.Ne1 Nd7 10.Be3 f5 11.f3 f4 12.Bf2 g5 13.a4 Ng6 14.a5 Kh8 15.Nd3 Nf6 16.c5 Rg8
17.Kh1 Bf8 18.Rc1 a6 19.cxd6 Bxd6 20.Nc5 Qe7 21.N3a4 h5 22.Qb3 g4 23.Nxb7 Rb8
24.Bxa6 g3 25.Ba7 Nh7 26.Rfd1 Qh4 27.Bg1 Ng5 28.Rd2 Nf7 29.Qb5 Kh7 30.Nac5 Nd8
31.Nd7 Bxd7 32.Qxd7+ Rg7 33.Qb5 gxh2 34.Ba7 Ra8 35.Nxd6 cxd6 36.Bf2 Qg5 37.Bc8 Rxc8
38.Rxc8 Ne7 39.Bh4 Qxh4 40.Rc1 Ng8 41.Qb6 Qe7 42.a6 h4 43.a7 Qxa7 44.Qxd8 Ne7
45.Qc7 Qe3 46.Qc3 Qb6 47.Kxh2 Qb8 48.Re2 Qe8 49.Qe1 Rg3 50.Rc7 Qd8 51.Rec2 Kh6
52.Qb4 h3 53.Qb7 Qg8  0-1

[Event "Minsk op"]
[Site "Minsk"]
[Date "1996.??.??"]
[Round "2"]
[White "Gleizerov, Evgeny"]
[Black "Tihonov, Jurij"]
[Result "1-0"]
[WhiteElo "2540"]
[BlackElo "2365"]

1.d4 Nf6 2.c4 g6 3.Nc3 Bg7 4.e4 d6 5.Nf3 O-O 6.Be2 e5 7.O-O Nc6 8.d5 Ne7
9.Nd2 a5 10.a3 Nd7 11.Rb1 f5 12.b4 Kh8 13.Qc2 Nf6 14.f3 Neg8 15.c5 axb4 16.axb4 Nh5
17.Nc4 Ngf6 18.Be3 Nf4 19.b5 N6h5 20.b6 Qg5 21.Bd3 cxb6 22.cxd6 Bd7 23.Bxf4 Nxf4
24.Nxb6 Ra3 25.Rb2 Rd8 26.Kh1 Qxg2+ 27.Qxg2 Nxg2 28.Nxd7 Rxc3 29.Rxb7 Ne3
30.Rfb1 Rxd3 31.Nc5 Rc3 32.Ne6 Rdc8 33.Rc7 h6 34.Rxc8+ Rxc8 35.d7  1-0

[Event "Minsk op"]
[Site "Minsk"]
[Date "1996.??.??"]
[Round "3"]
[White "Litvinov, Vladimir"]
[Black "Timoshenko, Georgy"]
[Result "1/2-1/2"]
[WhiteElo "2370"]
[BlackElo "2500"]

1.d4 Nf6 2.c4 g6 3.Nc3 Bg7 4.e4 d6 5.Nf3 O-O 6.Be2 e5 7.O-O Nc6 8.d5 Ne7
9.Re1 Kh8 10.c5 Ne8 11.cxd6 Nxd6 12.Bf1 a6 13.a4 h6 14.b3 Bg4 15.h3 Bxf3
16.Qxf3 f5 17.Bb2 fxe4 18.Qd1 e3 19.fxe3 Nef5 20.Qg4 Kh7 21.Bd3 h5 22.Qe2 Qh4
23.Bxf5 Rxf5 24.e4 Rf7 25.Rf1 Raf8 26.Rxf7 Rxf7 27.Rf1 Rf4 28.Rxf4 Qxf4 29.Ba3 Nf7
30.Qd3 Bh6 31.Qf3 Qxf3 32.gxf3 Be3+ 33.Kf1 Kg7 34.Nd1 Bd4 35.Be7 Nh8 36.Bd8 c6
37.dxc6 bxc6 38.Nf2 Bxf2 39.Kxf2 Kf7 40.h4 Ke6 41.Bb6 Nf7 42.Be3 Kf6 43.Kg3 g5
44.Bb6 Ke7 45.Be3 Kf6 46.Bc5 Ke6 47.Bf8 Kf6 48.Kh3 gxh4 49.Kxh4 Nd8 50.Kxh5 Ne6
51.Bh6 Nd4 52.b4 Nxf3 53.Kg4 Ne1 54.Bd2 Nd3 55.Kf3 Ke6 56.Ke2 Nb2 57.a5 Nc4
58.Bh6 Nd6  1/2-1/2

[Event "Minsk"]
[Site "Minsk"]
[Date "1996.??.??"]
[Round "6"]
[White "Savchenko, Stanislav"]
[Black "Dydyshko, Viacheslav"]
[Result "1-0"]
[WhiteElo "2585"]
[BlackElo "2575"]

1.d4 Nf6 2.c4 g6 3.Nc3 Bg7 4.e4 d6 5.Nf3 O-O 6.Be2 e5 7.O-O Nc6 8.d5 Ne7
9.b4 a5 10.Ba3 axb4 11.Bxb4 Nd7 12.a4 Bh6 13.Nd2 f5 14.Nb3 Nf6 15.Bf3 Kh8
16.c5 fxe4 17.Bxe4 Nxe4 18.Nxe4 Ra6 19.Bc3 b6 20.cxb6 Bf5 21.bxc7 Qa8 22.Bd2 Bxd2
23.Nbxd2 Nxd5 24.Rc1 Rc8 25.Qe2 Rxc7 26.Nxd6 Re7 27.Nxf5 gxf5 28.Qh5 Rf6
29.Rc5 e4 30.Qh3 Nf4 31.Qh4 Rg7 32.Qxf6 e3 33.Qc6 Rxg2+ 34.Kh1 Qxc6 35.Rxc6 exd2
36.Rd6  1-0

[Event "Mondariz op"]
[Site "Mondariz"]
[Date "1996.??.??"]
[Round "?"]
[White "Gonzalez Garcia, Jose"]
[Black "Paramos Dominguez, Roberto"]
[Result "1/2-1/2"]
[WhiteElo "2460"]
[BlackElo "2410"]

1.d4 Nf6 2.Nf3 g6 3.c4 Bg7 4.Nc3 O-O 5.e4 d6 6.Be2 e5 7.O-O Nc6 8.d5 Ne7
9.Nd2 a5 10.a3 Nd7 11.Rb1 f5 12.b4 Kh8 13.f3 Ng8 14.Qc2 Ngf6 15.Bd3 f4 16.Nb5 b6
17.Bb2 Ne8 18.Be2 Rg8 19.c5 dxc5 20.bxa5 Rxa5 21.Bc3 Ra8 22.Nc4 Ba6 23.a4  1/2-1/2

[Event "Amber-rapid 5th"]
[Site "Monte Carlo"]
[Date "1996.??.??"]
[Round "5"]
[White "Piket, Jeroen"]
[Black "Xie Jun"]
[Result "1-0"]
[WhiteElo "2570"]
[BlackElo "2530"]

1.d4 Nf6 2.c4 g6 3.Nc3 Bg7 4.e4 d6 5.Nf3 O-O 6.Be2 e5 7.O-O Nc6 8.d5 Ne7
9.b4 Nh5 10.Re1 Nf4 11.Bf1 h6 12.Nd2 c6 13.a4 Kh8 14.a5 cxd5 15.cxd5 f5 16.Nc4 g5
17.b5 Rf6 18.b6 a6 19.Qb3 Rg6 20.Ba3 g4 21.Ra2 Ng8 22.Qb4 Kh7 23.Ne3 Qg5
24.exf5 Bxf5 25.Nxf5 Qxf5 26.Ne4 Rd8 27.Qc4 Ne7 28.Qc7 Rd7 29.Ng3 Rxc7 30.Nxf5 Rd7
31.Nxe7 Rxe7 32.g3 Nh3+ 33.Bxh3 gxh3 34.Rc2 Kg8 35.Rc7 Kf7 36.Rxe7+ Kxe7
37.Rc1 Rg4 38.Rc7+ Kf6 39.f4 Kf5 40.Bb2 Ke4 41.Rxb7 Kxd5 42.Rc7  1-0

[Event "Amber-rapid 5th"]
[Site "Monte Carlo"]
[Date "1996.??.??"]
[Round "6"]
[White "Anand, Viswanathan"]
[Black "Shirov, Alexei"]
[Result "1/2-1/2"]
[WhiteElo "2725"]
[BlackElo "2690"]

1.Nf3 Nf6 2.c4 g6 3.Nc3 Bg7 4.e4 d6 5.d4 O-O 6.Be2 e5 7.O-O Nc6 8.d5 Ne7
9.b4 a5 10.Ba3 axb4 11.Bxb4 b6 12.a4 Ne8 13.Nb5 f5 14.a5 fxe4 15.Nd2 c5 16.dxc6 Nxc6
17.Bc3 bxa5 18.Nxe4 Be6 19.Nexd6 Nxd6 20.Nxd6 Nd4 21.c5 Nb3 22.Bf3 Ra7 23.Bd5 Nxc5
24.Bxe6+ Nxe6 25.Qd5 Qe7 26.Bxe5 Bxe5 27.Qxe5 Nf4 28.Qxe7 Rxe7 29.Rxa5 Ne2+
30.Kh1 Nc3 31.f3 Rd8 32.Nc4 Re2 33.Ra3 Nd1 34.Ra1 Ne3 35.Nxe3 Rxe3 36.h3 Re2
37.Ra7 Rde8 38.Rc1 R8e7 39.Rcc7 Rxc7 40.Rxc7 Rb2 41.Kh2 Rb4 42.Kg3 Ra4 43.f4 Ra2
44.Kf3 Rb2 45.g3 h5 46.Ke4 Rb3 47.Ke5 Rxg3 48.Kf6 Rxh3  1/2-1/2

[Event "Montreal op"]
[Site "Montreal"]
[Date "1996.??.??"]
[Round "2"]
[White "Taylor, Gordon"]
[Black "Desjardins, Andreas"]
[Result "1-0"]
[WhiteElo "2340"]
[BlackElo "2005"]

1.d4 Nf6 2.c4 g6 3.Nc3 Bg7 4.e4 d6 5.Be2 O-O 6.Nf3 e5 7.O-O Nc6 8.d5 Ne7
9.Ne1 Nd7 10.Nd3 f5 11.Bd2 Nf6 12.f3 f4 13.c5 g5 14.Rc1 Ng6 15.cxd6 cxd6
16.Nb5 Rf7 17.Qc2 Ne8 18.a4 a6 19.Na3 h5 20.Nf2 Nh4 21.Nc4 Bd7 22.Ba5 Qf6
23.Nb6 Rb8 24.Qb3 Bh6 25.Rc2 Qg7 26.Nxd7 Rxd7 27.h3 b5 28.Rc6 Rdb7 29.axb5 axb5
30.Rfc1 Qd7 31.Bb4 Ng6 32.Ra6 Bf8 33.Nd3 Kg7 34.Rcc6 Nc7 35.Rxd6 Bxd6 36.Rxd6 Qf7
37.Qc3 Qe8 38.Rc6 Na8 39.Nxe5 Nxe5 40.Re6 Qf7 41.Qxe5+ Kh7 42.Qxg5 Rb6 43.Re7  1-0

[Event "Maitrise op"]
[Site "Montreal"]
[Date "1996.??.??"]
[Round "3"]
[White "Berson, Jordan"]
[Black "Hamel, Jean Claude"]
[Result "1-0"]
[WhiteElo "1930"]
[BlackElo "1775"]

1.d4 Nf6 2.c4 g6 3.Nc3 Bg7 4.e4 d6 5.Be2 O-O 6.Nf3 e5 7.O-O Nc6 8.d5 Ne7
9.Ne1 Nd7 10.Be3 f5 11.f3 g5 12.g4 f4 13.Bf2 h5 14.h3 Kf7 15.a3 Bf6 16.Rb1 Ng8
17.Ng2 Nh6 18.b4 Rh8 19.c5 hxg4 20.hxg4 Kg7 21.cxd6 cxd6 22.Nb5 Nf7 23.Ne1 Rh4
24.Nd3  1-0

[Event "Moscow IM1"]
[Site "Moscow"]
[Date "1996.??.??"]
[Round "?"]
[White "Umanskaya, Irina"]
[Black "Kostic, Filip"]
[Result "1-0"]
[WhiteElo "2320"]
[BlackElo "2185"]

1.Nf3 Nf6 2.c4 g6 3.Nc3 Bg7 4.e4 d6 5.d4 O-O 6.Be2 e5 7.O-O Nc6 8.d5 Ne7
9.Nd2 a5 10.Rb1 Ne8 11.a3 f5 12.b4 fxe4 13.Ndxe4 axb4 14.axb4 Nf5 15.Bg5 Qd7
16.c5 h6 17.Bd2 Nf6 18.Nxf6+ Rxf6 19.Ne4 Rf8 20.Bc4 Kh7 21.b5 dxc5 22.Nxc5 Qe7
23.Bb4 Qh4 24.Bd3 Rd8 25.Qf3 Nd4 26.Qf7 Qf6 27.Qxf6 Bxf6 28.Ne4 Bg7 29.Rfc1 Rxd5
30.Rxc7 Rd7 31.b6 Nc6 32.Rxd7 Bxd7 33.Bd6 Nd4 34.Nc5 Bc6 35.h4 Rd8 36.Bc7 Rd5
37.Ne4 Nf5 38.Bf1 Nxh4 39.Rc1 Rd4 40.Rxc6 bxc6 41.b7 Rb4 42.b8=Q Rxb8 43.Bxb8 Nf5
44.f3 Kg8 45.Bc4+ Kf8 46.Ba7 Ke7 47.Bc5+ Ke8 48.Nd6+ Nxd6 49.Bxd6 h5 50.Kf2  1-0

[Event "Moscow-D"]
[Site "Moscow"]
[Date "1996.??.??"]
[Round "?"]
[White "Danielian, Oganes"]
[Black "Iskusnyh, Sergei"]
[Result "1-0"]
[WhiteElo "2450"]
[BlackElo "2460"]

1.d4 Nf6 2.c4 g6 3.Nc3 Bg7 4.e4 d6 5.Nf3 O-O 6.Be2 e5 7.O-O Nc6 8.d5 Ne7
9.b4 a5 10.Ba3 axb4 11.Bxb4 Nd7 12.a4 Bh6 13.Nd2 f5 14.Nb3 Nf6 15.Bf3 fxe4
16.Nxe4 Nf5 17.g3 Bd7 18.a5 Kh8 19.Bc3 Nxe4 20.Bxe4 Bg7 21.Qd3 Rf7 22.f4 exf4
23.Rxf4 Qg5 24.c5 Bxc3 25.Qxc3+ Kg8 26.Raf1 Raf8 27.c6 Bc8 28.Bg2 Nh6 29.Nd4 Rxf4
30.Rxf4 Rxf4 31.gxf4 Qf6 32.Nb5 Qxf4 33.Nxc7 Ng4 34.Ne6 Bxe6 35.cxb7 Qxh2+
36.Kf1 Qf4+ 37.Bf3 Bd7 38.b8=Q+ Kf7 39.Qbh8 Nf6 40.Kg2 Qg5+ 41.Kf2 Qh4+ 42.Ke2 Be8
43.a6 Qh2+ 44.Kd1 Qg1+ 45.Kc2 Qf2+ 46.Kb1 Qf1+ 47.Kb2 Qb5+ 48.Kc1 Qf1+ 49.Bd1  1-0

[Event "Moscow GM3"]
[Site "Moscow"]
[Date "1996.??.??"]
[Round "?"]
[White "Iskusnyh, Sergei"]
[Black "Korotylev, Alexey"]
[Result "1/2-1/2"]
[WhiteElo "2460"]
[BlackElo "2440"]

1.d4 Nf6 2.c4 g6 3.Nc3 Bg7 4.e4 d6 5.Be2 O-O 6.Nf3 e5 7.O-O Nc6 8.d5 Ne7
9.b4 a5 10.Ba3 axb4 11.Bxb4 Nd7 12.a4 Bh6 13.a5 f5 14.Nd2 Kh8 15.Bf3 Ra6
16.Ra2 Bf4 17.Re1 fxe4 18.Ndxe4 Nf5 19.g3 Bh6 20.Bg2 Nd4 21.Nb5 Bg7 22.Nxd4 exd4
23.f4 h6 24.c5 Nf6 25.Qxd4 Re8 26.Qc4 Nxe4 27.Rxe4 dxc5 28.Bxc5 Rxe4 29.Bxe4 Qf6
30.Bf2 Bf5 31.Bxf5 Qxf5 32.Re2 Rd6 33.Re8+ Kh7 34.Re7 Rxd5 35.Rxc7 Rd1+ 36.Kg2 Qxa5
37.Rxb7 Rd2 38.Qf7 Rxf2+ 39.Kxf2 Qd2+ 40.Kf1 Qd1+  1/2-1/2

[Event "Moscow GM2"]
[Site "Moscow"]
[Date "1996.??.??"]
[Round "?"]
[White "Danielian, Oganes"]
[Black "Zaitsev, Igor A"]
[Result "0-1"]
[WhiteElo "2450"]
[BlackElo "2460"]

1.d4 d6 2.Nf3 Nf6 3.c4 g6 4.Nc3 Bg7 5.e4 O-O 6.Be2 e5 7.O-O Nc6 8.d5 Ne7
9.Nd2 a5 10.Rb1 Bd7 11.b3 c6 12.b4 Qc7 13.dxc6 axb4 14.Rxb4 bxc6 15.Qb3 Rfb8
16.Rxb8+ Rxb8 17.Qa3 Bf8 18.Nb3 d5 19.exd5 cxd5 20.Nb5 Qd8 21.Bg5 Ne4 22.Bxe7 Bxe7
23.Qa6 Ra8 24.Qb7 Rxa2 25.Bd3 Nd2 26.cxd5  0-1

[Event "Moscow GM3"]
[Site "Moscow"]
[Date "1996.??.??"]
[Round "?"]
[White "Mitenkov, Alexey"]
[Black "Iskusnyh, Sergei"]
[Result "1-0"]
[WhiteElo "2445"]
[BlackElo "2460"]

1.d4 Nf6 2.c4 g6 3.Nc3 Bg7 4.e4 d6 5.Be2 O-O 6.Nf3 e5 7.O-O Nc6 8.dxe5 Nxe5
9.Bf4 Nxf3+ 10.Bxf3 Nd7 11.Qd2 Ne5 12.Be2 Be6 13.b3 f5 14.Rad1 Qf6 15.Nd5 Qf7
16.exf5 gxf5 17.Bg5 Bxd5 18.Qxd5 Qxd5 19.cxd5 f4 20.g3 f3 21.Bd3 Rae8 22.Bb5 c6
23.dxc6 bxc6 24.Ba6 Re6 25.Rfe1 d5 26.Bf1 Rg6 27.Be3 Ng4 28.Bc5 Rd8 29.Rd3 Bf8
30.Bd4 Bb4 31.Rc1 c5 32.Bb2 d4 33.Rxf3 Rf6 34.Rxf6 Nxf6 35.a3 Ba5 36.Rxc5 Bb6
37.Rg5+ Kf8 38.Bd3 Re8 39.Kf1 Ne4 40.Rf5+ Kg8 41.Bxe4 Rxe4 42.Rf4  1-0

[Event "Moscow GM4"]
[Site "Moscow"]
[Date "1996.??.??"]
[Round "?"]
[White "Kiriakov, Petr"]
[Black "Zaitsev, Igor A"]
[Result "1/2-1/2"]
[WhiteElo "2515"]
[BlackElo "2460"]

1.d4 Nf6 2.c4 g6 3.Nc3 d6 4.e4 Bg7 5.Nf3 O-O 6.Be2 e5 7.O-O Nc6 8.d5 Ne7
9.Ne1 Nd7 10.Be3 f5 11.f3 f4 12.Bf2 g5 13.a4 a5 14.Nd3 b6 15.b4 axb4 16.Nxb4 Nc5
17.a5 bxa5 18.Bxc5 dxc5 19.Nd3 Nc6 20.dxc6 Qd4+ 21.Nf2 Qxc3 22.Qd5+ Rf7 23.Rfd1 a4
24.Rac1 Qb2 25.Kf1 a3 26.Nd3 Qd4 27.Nxc5 Qxd5 28.cxd5 Bf8 29.Rc2 h5 30.h3 Be7
31.Ra1 Rf8 32.Ke1 Kf7 33.Kd2 Bd6 34.Rb1 Ke7 35.Rcc1 Rg8 36.Nb7 a2 37.Ra1 Bxb7
38.cxb7  1/2-1/2

[Event "Moscow GM1"]
[Site "Moscow"]
[Date "1996.??.??"]
[Round "?"]
[White "Iskusnyh, Sergei"]
[Black "Guliev, Logman"]
[Result "1-0"]
[WhiteElo "2460"]
[BlackElo "2350"]

1.d4 Nf6 2.c4 g6 3.Nc3 Bg7 4.e4 d6 5.Be2 O-O 6.Nf3 e5 7.O-O Nc6 8.d5 Ne7
9.b4 a5 10.Ba3 axb4 11.Bxb4 Nd7 12.a4 Bh6 13.Nd2 f5 14.Bf3 Bxd2 15.Qxd2 f4
16.Nb5 g5 17.c5 dxc5 18.Bc3 Ng6 19.Bh5 Rf6 20.Rfd1 Ndf8 21.d6 cxd6 22.Nxd6 Qe7
23.Rab1 Kg7 24.a5 Kh6 25.Be2 Nh4 26.Rb6 Kg7 27.Qb2 Nhg6 28.Nxc8 Rxc8 29.Rxb7 Rc7
30.a6 Rf7 31.Rb1 Qd6 32.a7  1-0

[Event "Moscow IM3"]
[Site "Moscow"]
[Date "1996.??.??"]
[Round "?"]
[White "Moizhess, Igor"]
[Black "Radzhabov, ShT"]
[Result "1-0"]
[WhiteElo "2445"]
[BlackElo "2305"]

1.d4 Nf6 2.Nf3 g6 3.c4 Bg7 4.Nc3 O-O 5.e4 d6 6.Be2 e5 7.O-O Nc6 8.d5 Ne7
9.Nd2 Nd7 10.b4 a5 11.Ba3 f5 12.bxa5 Rxa5 13.Bb4 Ra8 14.a4 Nf6 15.c5 g5 16.cxd6 cxd6
17.Nc4 Ne8 18.a5 Ng6 19.Nb6 Rb8 20.g3 f4 21.Nxc8 Rxc8 22.Bg4 Rc4 23.Qb3 Rd4
24.f3 fxg3 25.hxg3 Nf6 26.Be6+ Kh8 27.Ne2 Nh5 28.Be1 Qf6 29.Nxd4 exd4 30.Ra2 Ne5
31.Bf5 Bh6 32.Rh2 Ng7 33.g4 Nxf5 34.exf5 Re8 35.Bf2 Bg7 36.Kg2 d3 37.Bd4 Qd8
38.Qxb7 Re7 39.Qb3 Qe8 40.Rf2 Kg8 41.Bxe5 Rxe5 42.Qxd3 Re3 43.Qc2 Bd4 44.f6 Qf7
45.Re2 Rc3 46.Re8+  1-0

[Event "Moscow-C"]
[Site "Moscow"]
[Date "1996.??.??"]
[Round "?"]
[White "Mitenkov, Alexey"]
[Black "Ukolov, Aleksandr"]
[Result "0-1"]
[WhiteElo "2445"]
[BlackElo "2375"]

1.d4 Nf6 2.c4 g6 3.Nc3 Bg7 4.e4 d6 5.Be2 O-O 6.Nf3 e5 7.O-O Nc6 8.dxe5 Nxe5
9.Bf4 Nxf3+ 10.Bxf3 Be6 11.b3 Nd7 12.Qd2 Ne5 13.Be2 f5 14.Rad1 fxe4 15.Nxe4 Qh4
16.Ng5 Qxf4 17.Qxf4 Rxf4 18.Nxe6 Rf7 19.f4 Nc6 20.Bf3 Kh8 21.c5 dxc5 22.Bxc6 bxc6
23.Nxc5 Re8 24.g3 Rf5 25.Na4 Rd5 26.Rxd5 cxd5 27.Rd1 c6 28.Kf1 Kg8 29.Rc1 Rc8
30.b4 Kf7 31.Nc5 Bf8 32.Ke2 Rb8 33.Nd3 Bxb4 34.Rxc6 a5 35.Rc7+ Kf6 36.Kf3 h6
37.Rc6+ Kg7 38.Ne5 g5 39.Rc7+ Kg8 40.Rd7 gxf4 41.gxf4 Bc3 42.Nd3 Rb1 43.Rxd5 Rd1
44.Rd8+ Kg7 45.Rd7+ Kg8 46.h4 Rd2 47.a4 Ra2 48.Rc7 Bf6 49.Rc4 Bxh4 50.Kg4 Be7
51.Kf5 h5 52.Ne5 Rd2 53.Rc7 Bf8 54.Nf3 Rf2 55.Rc3 Bd6 56.Rd3 h4 57.Kg6 Be7  0-1

[Event "RUS-Cup2"]
[Site "Moscow"]
[Date "1996.??.??"]
[Round "4"]
[White "Sher, Miron N"]
[Black "Evelev, Vladimir M"]
[Result "1-0"]
[WhiteElo "2475"]
[BlackElo "2340"]

1.c4 Nf6 2.Nc3 g6 3.e4 d6 4.d4 Bg7 5.Nf3 O-O 6.Be2 e5 7.O-O Nc6 8.d5 Ne7
9.b4 Nd7 10.a4 h6 11.Ba3 f5 12.Nd2 a5 13.bxa5 Rxa5 14.Nb3 Ra8 15.c5 Nf6 16.Nd2 Nxe4
17.Ndxe4 fxe4 18.cxd6 cxd6 19.Nxe4 Nf5 20.Bg4 Ra6 21.Be2 Ra8 22.Bb4 Qh4 23.Bd3 Bd7
24.a5 Nd4 25.Bxd6 Rf5 26.Ng3 Rf4 27.f3 Qf6 28.Bc5 Rc8 29.Ne4 Qd8 30.Bb6 Qf8
31.Rc1 Rxc1 32.Qxc1 g5 33.Qc7 Be8 34.d6 g4 35.Bxd4 exd4 36.d7 Bxd7 37.Qxd7 gxf3
38.Qxb7 Qa3 39.Qd5+ Kh8 40.Bc4 Qe3+ 41.Nf2 Rf8 42.gxf3 Be5 43.Qe4 Rxf3 44.Qxe3 dxe3
45.Ng4 Bd4 46.Kg2 Rxf1 47.Bxf1 Kg7 48.Kf3  1-0

[Event "Moscow-ch"]
[Site "Moscow"]
[Date "1996.??.??"]
[Round "5"]
[White "Granovski, Aleksandar"]
[Black "Kekov, Alexandr"]
[Result "0-1"]
[WhiteElo "2250"]
[BlackElo "2370"]

1.d4 Nf6 2.c4 g6 3.Nc3 Bg7 4.e4 d6 5.Nf3 O-O 6.Be2 e5 7.O-O Nc6 8.d5 Ne7
9.Nd2 c5 10.a3 Ne8 11.b4 b6 12.bxc5 bxc5 13.Qc2 Bh6 14.Nb3 Bxc1 15.Nxc1 f5
16.exf5 Nxf5 17.Nb3 Nd4 18.Nxd4 exd4 19.Ne4 Bf5 20.Bd3 Bxe4 21.Bxe4 Nf6 22.Bd3 Qd7
23.Rae1 Rfe8 24.h3 Kg7 25.Qd1 Rxe1 26.Rxe1 Re8 27.Rf1 Nh5 28.Be2 Nf6 29.Bd3 Re7
30.Re1 Qe8 31.Rxe7+ Qxe7 32.Qd2 Ng8 33.a4 Nh6 34.a5 Qb7 35.f4 Qb3 36.f5 Nf7
37.fxg6 hxg6 38.Bf1 Qc3 39.Qf4 Qxa5 40.h4 Qc3 41.Kh2 Qe3 42.Qxe3 dxe3 43.Kg3 a5
44.Kf3 a4 45.Bd3 a3 46.Bb1 Kh6 47.Kxe3 Kh5 48.Kd2 Kxh4 49.Kc3 Ne5 50.Kb3 Kg3
51.Kxa3 Kxg2 52.Ka4 Kf3 53.Kb5 g5 54.Bc2 Kf4 55.Bd1 g4 56.Be2 g3 57.Bf1 Ng4  0-1

[Event "Moscow-ch"]
[Site "Moscow"]
[Date "1996.??.??"]
[Round "5"]
[White "Mitenkov, Alexey"]
[Black "Hait, Alexander"]
[Result "1/2-1/2"]
[WhiteElo "2470"]
[BlackElo "2360"]

1.d4 Nf6 2.c4 g6 3.Nc3 Bg7 4.e4 d6 5.Be2 O-O 6.Nf3 e5 7.O-O Nc6 8.dxe5 dxe5
9.Bg5 Bg4 10.Qxd8 Nxd8 11.Bxf6 Bxf6 12.Nd5 Bxf3 13.gxf3 Bg5 14.Nxc7 Rc8 15.Nd5 Ne6
16.Kg2 f5 17.exf5 gxf5 18.b3 Rc6 19.Bd3 Nf4+ 20.Nxf4 Bxf4 21.Rg1 Kf7 22.Rad1 Rg6+
23.Kh1 Rxg1+ 24.Kxg1 Rd8 25.h3 e4 26.Bc2 Rxd1+ 27.Bxd1 e3 28.fxe3 Bxe3+ 29.Kf1 Bc5
30.Ke2 Kf6  1/2-1/2

[Event "Moscow-ch"]
[Site "Moscow"]
[Date "1996.??.??"]
[Round "6"]
[White "Gavrilov, Alexei"]
[Black "Korotylev, Alexey"]
[Result "1-0"]
[WhiteElo "2445"]
[BlackElo "2435"]

1.d4 Nf6 2.c4 g6 3.Nc3 Bg7 4.e4 d6 5.Nf3 O-O 6.Be2 e5 7.O-O Nc6 8.d5 Ne7
9.Ne1 Nd7 10.Nd3 f5 11.Bd2 Nf6 12.f3 f4 13.c5 g5 14.cxd6 cxd6 15.Nf2 Rf7
16.Qc2 Ng6 17.Rfc1 h5 18.h3 a6 19.a4 b6 20.Na2 Bf8 21.Nb4 Rg7 22.Ra3 Nh4
23.Be1 g4 24.fxg4 hxg4 25.Nc6 Qe8 26.Nxg4 Nxg4 27.hxg4 Nxg2 28.Kxg2 Qh5 29.Rh3 Rxg4+
30.Bg3 Qg6 31.Bxg4 Bxg4 32.Rch1 Bxh3+ 33.Rxh3 Kf7 34.Qe2 Bh6 35.Qf3 Rg8 36.Kf1 Ke8
37.Bf2 Kd7 38.Bxb6 Bf8 39.Rh1  1-0